000 00475nam a2200157 i 4500
001 77053
003 ES-MaACL
005 20251003063107.0
007 t|
008 041006s1901 fr ||||1| fre d
100 1 _aGuyot, Yves,
_d1843-1928
_961276
245 1 2 _aL'oeuvre du siécle
_b: conference facte au Grand Orient, le 22 Avril 1901 /
_cYves Guyot.
260 _aParis :
_bBureaux du Siécle,
_c1901.
852 _aES-MaACL
_jT-986-F-1
999 _c77053
_d77053